Statistics for JRA獲得賞金ランキング TOP100

Click here to take the quiz!

General Stats

  • This quiz has been taken 145 times
    (118 since last reset)
  • The average score is 45 of 100

Answer Stats

順位獲得賞金(万円)主な勝ち鞍Answer% Correct
1187684ジャパンカップ(2016)キタサンブラック
97%
4145455ジャパンカップ(2006)ディープインパクト
97%
5139776有馬記念(2012)ゴールドシップ
84%
3151956ジャパンカップ(2020)アーモンドアイ
83%
7134408有馬記念(2011)オルフェーヴル
78%
2183518ジャパンカップ(2000)テイエムオペラオー
78%
3391111有馬記念(1990)オグリキャップ
75%
10119529ジャパンカップ(2021)コントレイル
74%
2994742日本ダービー(1994)ナリタブライアン
74%
8132621ジャパンカップ(2012)ジェンティルドンナ
73%
9130487ジャパンカップ(2009)ウオッカ
70%
14109256天皇賞(秋)(1999)スペシャルウィーク
70%
5278668有馬記念(2008)ダイワスカーレット
68%
4980660有馬記念(2022)イクイノックス
68%
4086512有馬記念(2016)サトノダイヤモンド
68%
2299810天皇賞(春)(1992)メジロマックイーン
68%
7469164有馬記念(1998)グラスワンダー
65%
3094137中山グランドジャンプ(2016)オジュウチョウサン
64%
8168482天皇賞(春)(1985)シンボリルドルフ
62%
5576299香港ヴァーズ(2001)ステイゴールド
62%
9861092優駿牝馬(2020)デアリングタクト
60%
9961028菊花賞(1998)セイウンスカイ
58%
2698472有馬記念(2002)シンボリクリスエス
58%
6138643ジャパンカップ(2011)ブエナビスタ
58%
8863007日本ダービー(2016)マカヒキ
57%
5179311天皇賞(春)(2022)タイトルホルダー
57%
2499073JBCクラシック(2010)スマートファルコン
57%
13110171有馬記念(2020)クロノジェネシス
57%
16107870チャンピオンズカップ(2014)ホッコータルマエ
56%
6673092天皇賞(秋)(2001)アグネスデジタル
56%
2599011菊花賞(1999)ナリタトップロード
56%
2399514フェブラリーステークス(2014)コパノリッキー
56%
5473663有馬記念(2021)エフフォーリア
56%
3588738有馬記念(2019)リスグラシュー
56%
4881039有馬記念(1995)マヤノトップガン
55%
4482196天皇賞(秋)(1997)エアグルーヴ
55%
12111560ジャパンカップ(2004)ゼンノロブロイ
53%
17107381安田記念(2020)グランアレグリア
53%
15108422ジャパンカップ(2003)タップダンスシチー
53%
3292133宝塚記念(2001)メイショウドトウ
53%
9162689天皇賞(春)(1996)サクラローレル
52%
18106594日本ダービー(2006)メイショウサムソン
52%
8066686天皇賞(春)(1995)ライスシャワー
51%
5875607日本ダービー(2010)エイシンフラッシュ
51%
4681769天皇賞(春)(1994)ビワハヤヒデ
51%
7170140菊花賞(2017)キセキ
49%
7966995安田記念(2013)ロードカナロア
47%
9261918高松宮杯(1994)ナイスネイチャ
47%
7269582エリザベス女王杯(1994)ヒシアマゾン
45%
9461548マイルチャンピオンシップ(1997)タイキシャトル
45%
9661337日本ダービー(2003)ネオユニヴァース
45%
4781629ジャパンカップダート(2005)カネヒキリ
45%
4383258天皇賞(春)(1998)メジロブライト
44%
6573342エリザベス女王杯(1998)メジロドーベル
43%
7070425ジャパンカップ(2001)ジャングルポケット
43%
8564213日本ダービー(2008)ディープスカイ
42%
3788155日本ダービー(2017)レイデオロ
40%
21100069ジャパンカップ(2017)シュヴァルグラン
40%
4184797有馬記念(2009)ドリームジャーニー
40%
6174482宝塚記念(2005)スイープトウショウ
39%
8465013有馬記念(2007)マツリダゴッホ
38%
20100223天皇賞(秋)(2006)ダイワメジャー
38%
3688216エリザベス女王杯(1993)ホクトベガ
36%
6970506天皇賞(秋)(2011)トーセンジョーダン
36%
11113285ジャパンカップダート(2007)ヴァーミリアン
36%
6473746大阪杯(2020)ラッキーライラック
35%
6770926天皇賞(春)(2019)フィエールマン
35%
3887630JBCクラシック(2012)ワンダーアキュート
35%
8962910天皇賞(春)(2013)フェノーメノ
35%
6274324有馬記念(2015)ゴールドアクター
34%
7768320マイルチャンピオンシップ(1992)ダイタクヘリオス
34%
3193969天皇賞(秋)(2009)カンパニー
32%
7668779ジャパンカップ(2014)エピファネイア
31%
19102319ジャパンカップダート(2009)エスポワールシチー
31%
5975207東京大賞典(2021)オメガパフューム
30%
5079819宝塚記念(2015)ラブリーデイ
29%
3489132ジャパンカップ(2019)スワーヴリチャード
29%
9561504安田記念(2019)インディチャンプ
27%
8763352ジャパンカップダート(2011)トランセンド
26%
6374046ジャパンカップ(2007)アドマイヤムーン
25%
4284544川崎記念(2011)フリオーソ
25%
9361769毎日王冠(2003)バランスオブゲーム
23%
6870764フェブラリーステークス(2017)ゴールドドリーム
22%
8663599チャンピオンズカップ(2020)チュウワウィザード
22%
6075202皐月賞(2014)イスラボニータ
22%
5378530高松宮記念(2010)キンシャサノキセキ
22%
5775857ジャパンカップダート(2000)ウイングアロー
21%
3986780JBCクラシック(2002)アドマイヤドン
19%
2897780JBCスプリント(2005)ブルーコンコルド
19%
2797786ジャパンカップダート(2004)タイムパラドックス
17%
9062870浦和記念(1997)キョウトシチー
17%
7369466ジャパンカップ(2010)ローズキングダム
17%
7568970JBCクラシック(2018)ケイティブレイブ
14%
9761326オールカマー(1998)ダイワテキサス
14%
4582009東京大賞典(1998)アブクマポーロ
14%
10060843小倉大賞典(2004)メイショウバトラー
13%
8365267スプリンターズステークス(1999)ブラックホーク
12%
7867696フェブラリーステークス(2001)ノボトゥルー
12%
5676002チャンピオンズカップ(2016)サウンドトゥルー
12%
8266126東京大賞典(2000)ファストフレンド
6%

Score Distribution

Percentile by Number Answered

Percent of People with Each Score

Your Score History

You have not taken this quiz since the last reset